Harry Styles - Ready, Steady, Go! - All lyrics - Statistics

General Stats
  • This quiz has been taken 23 times
  • The average score is 130 of 172
Answer Stats
Answer % Correct
go!
100%
Ready,
100%
(Ready,
100%
steady,
100%
steady)
100%
steady—
100%
and
82%
in
82%
it
82%
on
82%
the
82%
But
73%
is
73%
me
73%
You
73%
you
73%
your
73%
you're
73%
It's
64%
my
64%
One
64%
one
64%
One,
64%
our
64%
right
64%
three
64%
time
64%
too
64%
Two
64%
two,
64%
two
64%
with
64%
all
55%
are
55%
as
55%
bellies
55%
both
55%
call
55%
do
55%
enough
55%
feet
55%
got
55%
head
55%
head?
55%
many
55%
only
55%
suddenly
55%
times
55%
You've
55%
you've
55%
Butterflied
45%
Cause
45%
goodnight
45%
Leon
45%
touched
45%
we
45%
Ah,
36%
already
36%
dirty
36%
fun
36%
light
36%
much
36%
playing
36%
skipping
36%
sleep
36%
up
36%
coming
27%
did
27%
hands
27%
While
27%
No matching quizzes found
Score Distribution
Percent of People with Each Score
Percentile by Number Answered
Your Score History
You have not taken this quiz